<?xml version="1.0" encoding="UTF-8"?>
<record
    xmlns:xsi="http://www.w3.org/2001/XMLSchema-instance"
    xsi:schemaLocation="http://www.loc.gov/MARC21/slim http://www.loc.gov/standards/marcxml/schema/MARC21slim.xsd"
    xmlns="http://www.loc.gov/MARC21/slim">

  <leader>01018nam a22001697a 4500</leader>
  <controlfield tag="003">SGT</controlfield>
  <datafield tag="020" ind1=" " ind2=" ">
    <subfield code="a">9789332519091</subfield>
  </datafield>
  <datafield tag="082" ind1=" " ind2=" ">
    <subfield code="a">515.3,THO</subfield>
  </datafield>
  <datafield tag="100" ind1=" " ind2=" ">
    <subfield code="a">THOMAS,GEORGE B.</subfield>
  </datafield>
  <datafield tag="245" ind1=" " ind2=" ">
    <subfield code="a">THOMAS CALCULUS</subfield>
  </datafield>
  <datafield tag="250" ind1=" " ind2=" ">
    <subfield code="a">12TH</subfield>
  </datafield>
  <datafield tag="260" ind1=" " ind2=" ">
    <subfield code="a">NEW DELHI</subfield>
    <subfield code="b">PEARSON</subfield>
    <subfield code="c">2015</subfield>
  </datafield>
  <datafield tag="300" ind1=" " ind2=" ">
    <subfield code="a">1109</subfield>
  </datafield>
  <datafield tag="650" ind1=" " ind2=" ">
    <subfield code="a">ANALYSIS</subfield>
  </datafield>
  <datafield tag="653" ind1=" " ind2=" ">
    <subfield code="a">CHAPTER 1: FUNCTIONS  CHAPTER 2: LIMITS AND CONTINUITY   CHAPTER 3: DIFFERENTIATION CHAPTER 4: APPLICATIONS OF DERIVATIVES  CHAPTER 5: INTEGRATION   CHAPTER 6: APPLICATIONS OF DEFINITE INTEGRALS   CHAPTER 7: TRANSCENDENTAL FUNCTIONS CHAPTER 8: TECHNIQUES OF INTEGRATION   CHAPTER 9: FIRST-ORDER DIFFERENTIAL EQUATIONS   CHAPTER 10: INFINITE SEQUENCES AND SERIES   CHAPTER 11: PARAMETRIC EQUATIONS AND POLAR COORDINATES  CHAPTER 12: VECTORS AND THE GEOMETRY OF SPACE CHAPTER 13: VECTOR-VALUED FUNCTIONS AND MOTION IN SPACE  CHAPTER 14: PARTIAL DERIVATIVES  CHAPTER 15: MULTIPLE INTEGRALS  CHAPTER 16: INTEGRATION IN VECTOR FIELDS   CHAPTER 17: SECOND-ORDER DIFFERENTIAL EQUATIONS</subfield>
  </datafield>
  <datafield tag="942" ind1=" " ind2=" ">
    <subfield code="2">ddc</subfield>
    <subfield code="c">FPS</subfield>
  </datafield>
  <datafield tag="952" ind1=" " ind2=" ">
    <subfield code="0">0</subfield>
    <subfield code="1">0</subfield>
    <subfield code="2">ddc</subfield>
    <subfield code="4">0</subfield>
    <subfield code="7">1</subfield>
    <subfield code="8">FS</subfield>
    <subfield code="a">SSSL</subfield>
    <subfield code="b">SSSL</subfield>
    <subfield code="c">REF</subfield>
    <subfield code="d">2016-07-05</subfield>
    <subfield code="e">AHUJA BOOKS</subfield>
    <subfield code="g">799.00</subfield>
    <subfield code="i">SGTU</subfield>
    <subfield code="l">1</subfield>
    <subfield code="o">515.3,THO</subfield>
    <subfield code="p">PS1902</subfield>
    <subfield code="r">2019-02-08 00:00:00</subfield>
    <subfield code="s">2019-02-08</subfield>
    <subfield code="w">2016-04-21</subfield>
    <subfield code="y">FPS</subfield>
    <subfield code="k">6884</subfield>
  </datafield>
  <datafield tag="999" ind1=" " ind2=" ">
    <subfield code="c">9491</subfield>
    <subfield code="d">9491</subfield>
  </datafield>
</record>
